[Event "21st Open"]
[Site "Cappelle la Grande FRA"]
[Date "2005.02.17"]
[Round "7"]
[White "Di Caro,C"]
[Black "Israel,G"]
[Result "1-0"]
[WhiteElo "2397"]
[BlackElo "2149"]

1.c4 c6 2.Nf3 d5 3.e3 Bg4 4.cxd5 Qxd5 5.Be2 e6 6.Nc3 Qd6 7.O-O Nd7 8.d4 Ngf6
9.e4 Qc7 10.Be3 Bb4 11.Qc2 O-O 12.e5 Bxf3 13.Bxf3 Ne8 14.Ne4 Nb6 15.Ng5 g6
16.Qe4 Be7 17.Qh4 Bxg5 18.Bxg5 Ng7 19.Rad1 Rfc8 20.Be4 Nd7 21.f4 Qb6 22.Qf2 Qb4
23.a3 Qb6 24.g4 Nf8 25.Kh1 Qc7 26.Rd3 Qd7 27.Rf3 c5 28.dxc5 Qb5 29.Be7 Nd7
30.b4 a5 31.Rb1 Ne8 32.Qf1 Qxf1+ 33.Rfxf1 axb4 34.axb4 Ra7 35.Rfd1 Nf8 36.Ra1  1-0

[Event "71st ch-BRA"]
[Site "Sao Paulo BRA"]
[Date "2005.02.19"]
[Round "8"]
[White "Milos,G"]
[Black "Caldeira,A"]
[Result "1-0"]
[WhiteElo "2598"]
[BlackElo "2320"]

1.c4 c6 2.e4 d5 3.exd5 cxd5 4.d4 Nf6 5.Nc3 e6 6.Nf3 Be7 7.cxd5 Nxd5 8.Bd3 O-O
9.O-O b6 10.Nxd5 exd5 11.Qc2 h6 12.Bf4 Bd6 13.Ne5 Ba6 14.Bh7+ Kh8 15.Rfe1 Qf6
16.Bg3 Rc8 17.Qf5 Rc7 18.Ng4 Qxf5 19.Bxf5  1-0

[Event "Aeroflot Open"]
[Site "Moscow RUS"]
[Date "2005.02.20"]
[Round "6"]
[White "Filippov,Va"]
[Black "Sakaev,K"]
[Result "1-0"]
[WhiteElo "2621"]
[BlackElo "2677"]

1.c4 c6 2.e4 d5 3.exd5 cxd5 4.d4 Nf6 5.Nc3 e6 6.Nf3 Nc6 7.Bg5 Be7 8.c5 h6
9.Bf4 Ne4 10.Bb5 Bd7 11.O-O O-O 12.Re1 Ng5 13.Ne5 Nxe5 14.Bxe5 Bxb5 15.Nxb5 Ne4
16.f3 Nf6 17.b4 a6 18.Nd6 Ra7 19.Rc1 Qd7 20.a4 Rfa8 21.Qb3 Ne8 22.Nxe8 Qxe8
23.f4 Qd7 24.f5 exf5 25.Qg3 g5 26.Bb8 f4 27.Bxf4 Re8 28.h4 f6 29.Bd6 Raa8
30.Qf3 Kg7 31.Qxd5 Rad8 32.Re6 Bxd6 33.Rxd6 Qe7 34.Rf1 Rxd6 35.cxd6 Qe3+
36.Kh1 Re4 37.Qxb7+ Kh8 38.Qc8+ Kg7 39.Qb7+ Kh8 40.Qc8+ Kg7 41.Qd7+ Kg8 42.g3 Re6
43.Qc8+ Kg7 44.Qc7+ Kg6 45.Qc2+ Kh5 46.Qd1+ Kg6 47.Qc2+ Kh5 48.hxg5 hxg5
49.d7 Rd6 50.Qh7+ Kg4 51.Qf5+ Kh5 52.Kg2  1-0

[Event "Aeroflot Open B"]
[Site "Moscow RUS"]
[Date "2005.02.20"]
[Round "6"]
[White "Savchenko,S"]
[Black "Ivanov,Vic"]
[Result "1/2-1/2"]
[WhiteElo "2505"]
[BlackElo "2463"]

1.c4 c6 2.d4 d5 3.cxd5 cxd5 4.Nc3 Nf6 5.Bf4 Nc6 6.e3 Bf5 7.Nf3 e6 8.Qb3 Bb4
9.Bb5 Bxc3+ 10.Qxc3 O-O 11.O-O Rc8 12.Rfc1 Qb6 13.Qc5 Nxd4 14.Qxb6 Nxf3+
15.gxf3 axb6 16.Bd6 Rxc1+ 17.Rxc1 Ra8 18.Rc7 h5 19.a3 Ne8 20.Bxe8 Rxe8 21.Rxb7 Rc8
22.Rb8  1/2-1/2

[Event "76th ch-GER"]
[Site "Altenkirchen GER"]
[Date "2005.02.22"]
[Round "5"]
[White "Bischoff,K"]
[Black "Degtiarev,E"]
[Result "1/2-1/2"]
[WhiteElo "2555"]
[BlackElo "2297"]

1.c4 c6 2.d4 d5 3.Nf3 Nf6 4.Nc3 a6 5.c5 Bg4 6.Ne5 Bh5 7.Bd2 Nfd7 8.Nxd7 Nxd7
9.Na4 e5 10.Bc3 Be7 11.Qd2 O-O 12.Rc1 exd4 13.Bxd4  1/2-1/2

[Event "Mayor de Chile"]
[Site "Santiago CHI"]
[Date "2005.02.22"]
[Round "9"]
[White "Perez Molina,R"]
[Black "Diaz,Rob"]
[Result "0-1"]
[WhiteElo "2350"]
[BlackElo "2271"]

1.c4 c6 2.e4 e5 3.Nf3 d6 4.d4 Nd7 5.Be2 Ngf6 6.Nc3 Be7 7.O-O O-O 8.Re1 Re8
9.Bf1 Bf8 10.Qc2 g6 11.d5 c5 12.a3 Nh5 13.b4 b6 14.Bg5 Be7 15.Bd2 Nf8 16.g3 f5
17.h3 Nf6 18.bxc5 bxc5 19.a4 fxe4 20.Nxe4 Bf5 21.Nfg5 Nxd5 22.Nxh7 Nxh7 23.cxd5 Kg7
24.Qc1 Rb8 25.Bg2 Bxe4 26.Bxe4 Bg5 27.h4 Bxd2 28.Qxd2 Nf6 29.Kg2 Rb4 30.Qc2 Nxe4
31.Rxe4 a5 32.Rh1 Qd7 33.Rxb4 axb4  0-1

[Event "76th ch-GER"]
[Site "Altenkirchen GER"]
[Date "2005.02.23"]
[Round "6"]
[White "Schneider,Bernd2"]
[Black "Muranyi,K"]
[Result "1/2-1/2"]
[WhiteElo "2293"]
[BlackElo "2365"]

1.c4 c6 2.Nf3 Nf6 3.Nc3 d5 4.e3 Bg4 5.d4 e6 6.Qb3 Qb6 7.Bd3 Nbd7 8.Bd2 Be7
9.h3 Bh5 10.Na4 Qxb3 11.axb3 O-O 12.O-O Bg6 13.Bxg6 hxg6 14.Rfc1 Ne4 15.Be1 a6
16.Nc3 f5 17.Nd2 Nxd2 18.Bxd2 Bb4 19.Ra4 Bxc3 20.bxc3 b5 21.cxb5 axb5 22.Raa1 Nb6
23.Kf1 Kf7 24.Ke2 Kf6 25.f3 Rxa1 26.Rxa1 Ra8 27.Rxa8 Nxa8 28.Be1 g5 29.Bg3 Ke7
30.Be5 g6 31.Kd3 Nb6 32.Kc2 Nd7 33.Bc7 g4  1/2-1/2

[Event "VIII Malaga Open"]
[Site "Campillos ESP"]
[Date "2005.02.23"]
[Round "6"]
[White "Suba,M"]
[Black "Perez Garcia,R"]
[Result "1/2-1/2"]
[WhiteElo "2529"]
[BlackElo "2164"]

1.c4 c6 2.e4 d5 3.exd5 cxd5 4.cxd5 Nf6 5.Nc3 Nxd5 6.Nf3 e6 7.d4 Be7 8.Bd3 Nc6
9.O-O O-O 10.Re1 Nf6 11.a3 b6 12.Bb1 Bb7 13.Qd3 Re8 14.Bg5 g6 15.Ba2 Rc8
16.Rad1 Nd5 17.Bxd5 Bxg5 18.Ba2 Bf6 19.Ne4 Bg7 20.d5 exd5 21.Qxd5 Qxd5 22.Bxd5 Na5
23.Nd6 Rxe1+ 24.Nxe1 Rd8 25.Nxb7 Nxb7 26.b4 Kf8 27.Nf3 a5  1/2-1/2

[Event "Mayor de Chile"]
[Site "Santiago CHI"]
[Date "2005.02.23"]
[Round "10"]
[White "Valdes Escobar,A"]
[Black "Guerb,L"]
[Result "0-1"]
[WhiteElo "2126"]
[BlackElo "2301"]

1.c4 c6 2.e4 d5 3.exd5 cxd5 4.d4 Nf6 5.Nc3 g6 6.cxd5 Bg7 7.Bc4 O-O 8.Nge2 Nbd7
9.d6 exd6 10.O-O Nb6 11.Bb3 Re8 12.Bf4 Nh5 13.Be3 d5 14.Rc1 a6 15.Nf4 Nxf4
16.Bxf4 Be6 17.Na4 Nxa4 18.Bxa4 Bd7 19.Bxd7 Re4 20.Qg4 h5 21.Qf3 Qxd7 22.Rc7 Qe6
23.Be3 b5 24.Qd1 Rc8 25.Rxc8+ Qxc8 26.Qd2 Re6 27.Rc1 Rc6 28.Rc5 Bf8 29.Rxd5 Rc2
30.Qd1 Rxb2 31.g3 Rxa2 32.Qf3 Ra1+ 33.Kg2 Qc6 34.Bh6 Qc4  0-1

[Event "Mayor de Chile"]
[Site "Santiago CHI"]
[Date "2005.02.24"]
[Round "11"]
[White "Perez Molina,R"]
[Black "Poupar,A"]
[Result "1-0"]
[WhiteElo "2350"]
[BlackElo "2073"]

1.c4 c6 2.d4 d5 3.Nf3 Nf6 4.Nc3 dxc4 5.a4 Bf5 6.e3 e6 7.Bxc4 Bb4 8.O-O O-O
9.Qb3 Qe7 10.h3 a5 11.Nh4 Nbd7 12.Nxf5 exf5 13.Na2 Ne4 14.Nxb4 axb4 15.f3 Ng3
16.Re1 b5 17.Bd3 Nb6 18.Bd2 bxa4 19.Qxb4 Qa7 20.Qc5 Rac8 21.Qe5 Qb8 22.Qxb8 Rxb8
23.Kf2 f4 24.e4 Nh5 25.Bc3 Rfd8 26.Ra2 Ra8 27.Rea1 f5 28.e5 c5 29.dxc5 Rxd3
30.cxb6 Rb8 31.Rxa4 Rxb6 32.Rd4 Rxd4 33.Bxd4 Rc6 34.Bc3 Kf7 35.Ke2 Rc7 36.Ra6 Ng3+
37.Kd3 Re7 38.b4 Nf1 39.Bd4 Ne3 40.Bxe3 fxe3 41.f4 Rb7 42.Ra4 Rc7 43.b5 Ke6
44.Ra6+  1-0

[Event "76th ch-GER"]
[Site "Altenkirchen GER"]
[Date "2005.02.25"]
[Round "8"]
[White "Khenkin,I"]
[Black "Braun,A"]
[Result "1-0"]
[WhiteElo "2604"]
[BlackElo "2463"]

1.c4 c6 2.d4 d5 3.e3 Nf6 4.Bd3 a6 5.Nf3 Bg4 6.Qb3 Bxf3 7.gxf3 Ra7 8.Nc3 e6
9.c5 Nbd7 10.f4 Nh5 11.Be2 g6 12.Bxh5 gxh5 13.Qd1 Qh4 14.h3 Rg8 15.Bd2 f5
16.Qf3 b6 17.cxb6 Nxb6 18.Rc1 Kd7 19.Ne2 a5 20.Rg1 Rg6 21.Rxg6 hxg6 22.Qg2 Qf6
23.Rc2 Nc4 24.Nc1 a4 25.Nd3 Bd6 26.Bb4 Bxb4+ 27.Nxb4 Rc7 28.Na6 Ra7 29.Nb8+ Kc8
30.Nxc6 Rc7 31.Ne5 Nxe5 32.Rxc7+ Kxc7 33.fxe5 Qe7 34.Qxg6 Qb4+ 35.Kf1 Qxb2
36.Qf7+ Kd8 37.Qf8+  1-0

[Event "76th ch-GER"]
[Site "Altenkirchen GER"]
[Date "2005.02.25"]
[Round "8"]
[White "Schunk,T1"]
[Black "Luther,T"]
[Result "0-1"]
[WhiteElo "2280"]
[BlackElo "2543"]

1.c4 c6 2.Nf3 d5 3.e3 Nf6 4.b3 Bf5 5.Be2 h6 6.O-O e6 7.Bb2 Nbd7 8.d4 Bd6
9.Ne5 O-O 10.Nd2 Bh7 11.f4 Ne4 12.a3 Nxd2 13.Qxd2 Nf6 14.Nd3 Ne4 15.Qd1 Qe7
16.Bf3 Rad8 17.Nf2 c5 18.Bxe4 Bxe4 19.Nxe4 dxe4 20.Qc2 f5 21.g3 cxd4 22.exd4 g5
23.Kh1 gxf4 24.gxf4 Kh7 25.Qf2 Rg8 26.Rg1 Qf7 27.Rg3 Rxg3 28.hxg3 Rg8 29.Kg2 Rg4
30.Bc1 Be7 31.Kh1 Qh5+ 32.Qh2 Bh4 33.Bd2 Rxg3 34.Rf1 Qg4 35.Rg1 Qf3+ 36.Rg2 Rh3  0-1

[Event "76th ch-GER"]
[Site "Altenkirchen GER"]
[Date "2005.02.25"]
[Round "8"]
[White "Asendorf,J"]
[Black "Pajeken,W"]
[Result "1/2-1/2"]
[WhiteElo "2282"]
[BlackElo "2354"]

1.c4 c6 2.e4 d5 3.cxd5 cxd5 4.exd5 Nf6 5.Nc3 Nxd5 6.Nf3 e6 7.d4 Nc6 8.Bd3 Bb4
9.Bd2 O-O 10.O-O Be7 11.a3 Bf6 12.Qc2 g6 13.Bh6 Re8 14.Rad1 Nxc3 15.bxc3 Qd6
16.a4 b6 17.Rfe1 Bb7 18.Ne5 Qc7 19.Ng4 Be7 20.Qd2 Qd8 21.Qf4 f5 22.Bc4 Bd6  1/2-1/2

[Event "3rd It"]
[Site "Badalona ESP"]
[Date "2005.03.02"]
[Round "2"]
[White "Moskalenko,V"]
[Black "Granados Gomez,M"]
[Result "1-0"]
[WhiteElo "2530"]
[BlackElo "2414"]

1.c4 c6 2.e4 d5 3.exd5 cxd5 4.d4 Nf6 5.Nc3 e6 6.Nf3 Nc6 7.a3 Be7 8.c5 Ne4
9.Qc2 Nxc3 10.Qxc3 O-O 11.Bb5 e5 12.Bxc6 exd4 13.Nxd4 bxc6 14.Nxc6 Bf6 15.Nxd8 Bxc3+
16.bxc3 Rxd8 17.Be3 Bd7 18.O-O-O Bc6 19.Rd4 f6 20.Rhd1 Re8 21.g3 Kf7 22.c4 dxc4
23.Rxc4 Rac8 24.Rd6 Re5 25.Kb2 Re7 26.Rb4 Ree8 27.g4 Re7 28.h4 h6 29.Kc3 Re5
30.Rf4 Kg8 31.Bd4 Re7 32.g5 hxg5 33.hxg5 fxg5 34.Rg4 Be4 35.Rxg5 Rb7 36.Re6 Bc6
37.Reg6  1-0

[Event "ch-RUS u20"]
[Site "Nojabrsk RUS"]
[Date "2005.03.03"]
[Round "2"]
[White "Riazantsev,A"]
[Black "Popov,I RUS"]
[Result "1/2-1/2"]
[WhiteElo "2596"]
[BlackElo "2476"]

1.c4 c6 2.d4 d5 3.Nf3 Bf5 4.Qb3 Qb6 5.cxd5 Bxb1 6.Qxb6 axb6 7.Rxb1 cxd5 8.e4 e6
9.exd5 exd5 10.Bb5+ Nc6 11.Ne5 Bb4+ 12.Bd2 Bxd2+ 13.Kxd2 Ne7 14.Rhc1 Rc8
15.Rc3 f6 16.Nf3 Kd7 17.Rb3 Nf5 18.Bd3 Nfxd4 19.Nxd4 Nxd4 20.Rxb6 Kc7 21.Rb4 Nc6
22.Rc1 Ra8 23.a3 Rad8 24.h4 h6 25.h5 Rhe8 26.Ra4 Kd6 27.Bb5 Ra8 28.Rg4 Re7
29.Re1 Rae8 30.Rxe7 Rxe7 31.Bxc6 bxc6 32.b4 c5 33.bxc5+ Kxc5 34.a4 Ra7 35.Kc3 Rd7
36.Kd3 Rb7 37.Kc3 Rd7 38.Rf4 Rb7 39.a5 Rc7 40.Kd3 Kb5 41.Rf5 Kc5 42.Rf4 Kb5
43.f3 Kxa5 44.Rf5 Rd7 45.Kd4 Kb6 46.Rxd5 Kc6 47.Rxd7 Kxd7 48.Kd5 Ke7 49.f4 Kd7
50.f5 Ke7 51.Kc6 Kf7 52.Kd6 Kf8 53.Ke6 Ke8 54.Kd6 Kf8 55.Ke6 Ke8  1/2-1/2

[Event "TCh-ISL 2004-5"]
[Site "Reykjavik ISL"]
[Date "2005.03.05"]
[Round "7"]
[White "Thorarinsson,P"]
[Black "Bjornsson,G"]
[Result "1/2-1/2"]
[WhiteElo "2228"]
[BlackElo "2155"]

1.c4 c6 2.e4 d5 3.exd5 cxd5 4.d4 Nc6 5.Nf3 e6 6.Nc3 Nf6 7.Bg5 Be7 8.c5 O-O
9.Bb5 Ne4 10.Bxe7 Qxe7 11.Qc2 Ng5 12.Nxg5 Qxg5 13.Bxc6 bxc6 14.O-O e5 15.dxe5 Qxe5
16.Rfe1 Qf6 17.Qa4 Bf5 18.Rad1 Rfd8 19.Qd4 Qxd4 20.Rxd4 Be6 21.b3 Kf8 22.Ne2 Re8
23.f3 Bc8 24.Ra4 Re5 25.f4 Re7 26.Kf2 Ke8 27.Nd4 Rxe1 28.Kxe1 Kd7 29.Kd2 Kc7
30.b4 Bd7 31.Ra3 Kd8 32.Ra6 Kc7 33.a4 Kb7 34.Ra5 a6 35.Kc3 Re8 36.b5 axb5
37.axb5 cxb5 38.Nxb5 Bxb5 39.Rxb5+ Kc6 40.Ra5 Re2 41.g3 Rxh2 42.Kd4 Rd2+
43.Ke3 Rg2 44.Kf3 Rb2 45.Ra6+ Kxc5 46.Ra7 Kc6 47.Rxf7 Rb7 48.Rf8 Re7 49.g4 d4
50.f5 Kc5 51.g5 d3 52.Rd8 Kc4 53.Kf4 Kc3 54.f6 gxf6 55.gxf6 Re1 56.Rc8+ Kb2
57.Rd8 Kc2 58.Rc8+ Kd2 59.Kg5 Rf1 60.Rc7 h5 61.f7 h4 62.Kxh4 Ke2 63.Re7+ Kd1
64.Kg5 d2 65.Kg6 Kc2 66.Rc7+ Kb3 67.Rd7  1/2-1/2

[Event "Acropolis GM Open"]
[Site "Athens GRE"]
[Date "2005.03.08"]
[Round "3"]
[White "Shahtahtinsky,A"]
[Black "Tsiamis,K"]
[Result "1/2-1/2"]
[WhiteElo "2327"]
[BlackElo "2243"]

1.c4 c6 2.Nf3 d5 3.cxd5 cxd5 4.d4 Nc6 5.Nc3 Nf6 6.Bf4 a6 7.e3 Bg4 8.Be2 e6
9.O-O Bd6 10.Bxd6 Qxd6 11.h3 Bh5 12.Nd2 Bxe2 13.Qxe2 O-O 14.a3 Nd7  1/2-1/2

[Event "ITT Ricardo Lettieri"]
[Site "Pinamar ARG"]
[Date "2005.03.08"]
[Round "1"]
[White "Roca,A"]
[Black "Vera,IJ"]
[Result "1-0"]
[WhiteElo "2366"]
[BlackElo "2247"]

1.c4 c6 2.Nf3 d5 3.e3 Nf6 4.Nc3 e6 5.b3 Nbd7 6.Bb2 Bd6 7.Be2 Qe7 8.O-O O-O
9.Qc2 Ne5 10.Nxe5 Bxe5 11.d4 Bd6 12.e4 e5 13.dxe5 Qxe5 14.f4 Qd4+ 15.Kh1 Nxe4
16.Nxe4 Qxe4 17.Bd3 Qe6 18.Bxh7+ Kh8 19.cxd5 cxd5 20.Rf3 Re8 21.Raf1 Qh6
22.Bf5 Re2 23.Qxe2 Bxf5 24.Qb5 Be4 25.Rg3 f6 26.Qd7  1-0

[Event "Acropolis GM Open"]
[Site "Athens GRE"]
[Date "2005.03.09"]
[Round "4"]
[White "Gkogkas,D"]
[Black "Gikas,B"]
[Result "0-1"]
[WhiteElo "2149"]
[BlackElo "2228"]

1.c4 c6 2.e4 d5 3.exd5 cxd5 4.d4 Nf6 5.Nc3 g6 6.Qb3 Bg7 7.cxd5 O-O 8.Nf3 Nbd7
9.Bc4 Nb6 10.O-O Bf5 11.Re1 Rc8 12.Bf1 Nfxd5 13.Nxd5 Qxd5 14.Rxe7 Be6 15.Qxd5 Bxd5
16.Bf4 Bxf3 17.gxf3 Nd5 18.Rxb7 Nxf4 19.Rxa7 Bxd4 20.Ra4 Bxb2 21.Rb1 Be5
22.Rb5 f6 23.Ra7 Rf7 24.Rxf7 Kxf7 25.a4 Rc2 26.Rb4 Rd2 27.Re4 g5 28.Re1 Nd3
29.Re2 Rxe2 30.Bxe2 Nf4 31.Bc4+ Ke7 32.a5 Bd4  0-1

[Event "ch-RUS u20"]
[Site "Nojabrsk RUS"]
[Date "2005.03.09"]
[Round "8"]
[White "Iljin,A"]
[Black "Popov,I RUS"]
[Result "1-0"]
[WhiteElo "2482"]
[BlackElo "2476"]

1.c4 c6 2.Nf3 d5 3.e3 Nf6 4.Nc3 g6 5.d4 Bg7 6.Qb3 O-O 7.Bd2 e6 8.Bd3 Nbd7
9.O-O Nb6 10.e4 dxc4 11.Bxc4 Nxc4 12.Qxc4 Bd7 13.e5 Nd5 14.Ne4 b6 15.b4 h6
16.Rfe1 Rc8 17.Rab1 Qe7 18.Rb3 Kh7 19.h3 f5 20.exf6 Nxf6 21.Bf4 Nxe4 22.Rxe4 c5
23.dxc5 bxc5 24.b5 Rf5 25.Be5 Rcf8 26.Rd3 Bc8 27.Bd6 Qf6 28.Bxf8 Qxf8 29.a4 Qf7
30.Rd6 Rd5 31.Rf4 Qc7 32.Rc6 Rd1+ 33.Kh2 Qb8 34.g3 Bb7 35.Qxc5 Bxc6 36.Qxc6 Rd6
37.Qe4 Qe8 38.h4 Rd5 39.Qe2 e5 40.Re4 Qf7 41.Kg2 Qf5 42.Rc4 Rd3 43.Qe4 Qxe4
44.Rxe4 Ra3 45.Nxe5 Bxe5 46.Rxe5 Rxa4 47.Re7+ Kg8 48.Re6 Kf7 49.Ra6 Rb4 50.Rxa7+ Kf6
51.Rb7 Rb3 52.g4 Rb4 53.Kg3 Rb3+ 54.f3 Rb2 55.Rb6+ Kf7 56.g5 hxg5 57.hxg5 Rb4
58.Rf6+ Kg7 59.b6  1-0

[Event "Mediterranean Flower WGM"]
[Site "Rijeka CRO"]
[Date "2005.03.10"]
[Round "7"]
[White "Franciskovic,B"]
[Black "Macek,V"]
[Result "0-1"]
[WhiteElo "2193"]
[BlackElo "2214"]

1.c4 c6 2.Nf3 d5 3.g3 Nf6 4.Bg2 dxc4 5.O-O Nbd7 6.Qc2 Nb6 7.a4 a5 8.Na3 Be6
9.Ng5 Bg4 10.Nxc4 h6 11.Nf3 e6 12.d3 Nxc4 13.Qxc4 Qd5 14.b3 Bxf3 15.Bxf3 Qd7
16.Bb2 Be7 17.e4 O-O 18.d4 Bb4 19.Rfd1 Rfd8 20.Qc1 Qe7 21.h4 Ne8 22.Qf4 Bd6
23.e5 Bb4 24.Qg4 Nc7 25.Bc1 Kf8 26.Rd3 Rd7 27.Be4 Ne8 28.Bh7 c5 29.Bxh6 Rxd4
30.Rxd4 cxd4 31.Bg5 f6 32.exf6 Nxf6 33.Qxd4 Rd8 34.Qc4 Qd6 35.Bxf6 gxf6 36.Qg4 Qd4
37.Qg8+ Ke7 38.Qg7+ Kd6 39.Rc1 Bc5 40.Qxb7 Qxf2+ 41.Kh1 Qd2 42.Rc2 Qd1+ 43.Kh2 Rd7
44.Qe4 f5 45.Qg2 Bd4 46.Rd2 Qa1 47.Bg8 e5  0-1

[Event "Acropolis GM Open"]
[Site "Athens GRE"]
[Date "2005.03.12"]
[Round "7"]
[White "Kokolias,K"]
[Black "Sigalas,F"]
[Result "1/2-1/2"]
[WhiteElo "2137"]
[BlackElo "2306"]

1.c4 c6 2.Nf3 d5 3.d4 e6 4.Nc3 dxc4 5.a4 Bb4 6.e3 b5 7.Bd2 Bb7 8.axb5 Bxc3
9.Bxc3 cxb5 10.b3 a5 11.bxc4 b4 12.Bb2 Nf6 13.Bd3 O-O 14.O-O Nbd7 15.Qc2 Qc7
16.e4 e5 17.c5 exd4 18.Bxd4 Ng4 19.Bb5 Nde5 20.Nxe5 Nxe5 21.f4 Nc6 22.Bb2 Ba6
23.Bxa6 Rxa6 24.Qe2 Qa7 25.Rf2 a4 26.Qg4 f5 27.exf5 a3 28.Be5 b3 29.f6 b2
30.Rd1 Nxe5 31.fxe5 Qf7 32.Qe2 Qb3 33.Rff1 a2 34.f7+ Kh8 35.Qxa6 b1=Q 36.Qd6 Qb8
37.e6 Qxd6 38.cxd6 a1=Q 39.e7 Qb6+ 40.Kh1 Qa8 41.d7 Qxg2+ 42.Kxg2 Qg6+ 43.Kh1 Qe4+  1/2-1/2

[Event "Tch-FIN 2004-5"]
[Site "Finland FIN"]
[Date "2005.03.12"]
[Round "8"]
[White "Yrjola,J"]
[Black "Mertanen,J"]
[Result "1/2-1/2"]
[WhiteElo "2423"]
[BlackElo "2284"]

1.c4 c6 2.e4 d5 3.exd5 cxd5 4.d4 Nf6 5.Nc3 e6 6.Nf3 Be7 7.Bg5 O-O 8.Rc1 Nc6
9.c5 Ne4 10.Bxe7 Qxe7 11.Bb5 Nxc3 12.Rxc3 e5 13.dxe5 Bg4 14.Bxc6 Bxf3 15.Rxf3 bxc6
16.Qd4 Rab8 17.O-O Rb5  1/2-1/2

[Event "TCh-SWE Elitserien 2004-5"]
[Site "Malmo SWE"]
[Date "2005.03.12"]
[Round "10"]
[White "Ekelund,P"]
[Black "Semcesen,D"]
[Result "0-1"]
[WhiteElo "2300"]
[BlackElo "2203"]

1.c4 c6 2.Nf3 d5 3.e3 Nf6 4.Be2 Bf5 5.O-O e6 6.d4 Nbd7 7.b3 Be7 8.Bb2 O-O
9.Nc3 a6 10.Ne1 c5 11.cxd5 exd5 12.g4 Bg6 13.Bf3 cxd4 14.exd4 Nb6 15.Nd3 Bd6
16.Re1 Rc8 17.Bg2 Bxd3 18.Qxd3 Nxg4 19.h3 Bh2+ 20.Kf1 Nf6 21.a4 Qd7 22.a5 Na8
23.Re5 Nc7 24.Rae1 Rfd8 25.Rf5 Kh8 26.Qf3 Qd6 27.Ba3 Qxa3 28.Rxf6 Ne6 29.Rxf7 Ng5  0-1

[Event "ch-BLR"]
[Site "Minsk BLR"]
[Date "2005.03.12"]
[Round "9"]
[White "Lutsko,I"]
[Black "Maljush,A"]
[Result "1-0"]
[WhiteElo "2527"]
[BlackElo "2413"]

1.c4 c6 2.Nc3 Nf6 3.d4 d5 4.Nf3 e6 5.Bg5 Be7 6.e3 Nbd7 7.Rc1 O-O 8.Bd3 dxc4
9.Bxc4 Nd5 10.Bxe7 Qxe7 11.Ne4 N5f6 12.Nxf6+ Qxf6 13.O-O c5 14.Bb5 cxd4 15.Qxd4 Qxd4
16.Nxd4 Nb6 17.Be2 a6 18.Bf3 Rb8 19.Rfd1 e5 20.Nb3 Na4 21.Nc5 Nxc5 22.Rxc5 Be6
23.b3 f6 24.Rd6 Rfc8 25.Rxc8+ Rxc8 26.g4 Rc1+ 27.Kg2 Bc8 28.Bd5+ Kf8 29.Rd8+ Ke7
30.Rg8 Kd6 31.Bc4 Bxg4 32.Rxg7 b5 33.Bxb5 axb5 34.Rxg4 Ra1 35.a4 Rb1 36.axb5 Rxb3
37.Rh4 Rxb5 38.Rxh7 Ke6 39.Kf3 Rb4 40.h3 Kf5 41.Rg7 e4+ 42.Kg3 Rb1 43.Kg2 Rb8
44.Rg4 Ra8 45.Kg3 Ke5 46.h4 Rh8 47.Rg6 Kf5 48.Rg7 Rh6 49.Rg4 Rh8 50.Rg7 Rh6
51.Ra7 Rg6+ 52.Kh3 Rg1 53.Ra5+ Ke6 54.Kh2 Rg4 55.Rh5 f5 56.Kh3 Rg1 57.Rh6+ Ke5
58.Rh8 Kf6 59.Rh7 Kg6 60.Ra7 Kf6 61.Ra8 Ke6 62.Rh8 Kf6 63.Rh6+ Ke5 64.h5 f4
65.exf4+ Kxf4 66.Rf6+ Ke5 67.Rf8 Kd6 68.Kh4 Rf1 69.Rf4 Ke5 70.Kg5 Rg1+ 71.Rg4 Rf1
72.Rg2 Rh1 73.h6 Rh3 74.Kg6 Kf4 75.Rg5 Rh1 76.Rf5+ Kg4 77.Rf8 Kh3 78.h7 Kg2
79.Kg7  1-0

[Event "TCh-SWE Elitserien 2004-5"]
[Site "Malmo SWE"]
[Date "2005.03.13"]
[Round "11"]
[White "Jepson,C"]
[Black "Bator,R"]
[Result "0-1"]
[WhiteElo "2383"]
[BlackElo "2419"]

1.c4 c6 2.e4 d5 3.exd5 cxd5 4.cxd5 Nf6 5.Nc3 Nxd5 6.Nf3 e6 7.d4 Nc6 8.Bd3 Bb4
9.Bd2 Nf6 10.Bg5 h6 11.Bxf6 Qxf6 12.O-O Bxc3 13.bxc3 O-O 14.Qe2 Qf4 15.Rfd1 b6
16.Be4 Ba6 17.Qxa6 Qxe4 18.Nd2 Qf4 19.Nc4 Rfd8 20.Ne3 Ne7 21.a4 Nd5 22.Qd3 Rac8
23.c4 Nf6 24.a5 e5 25.d5 Ne4 26.Rf1 Nd6 27.axb6 axb6 28.Rac1 Qd4 29.Rfd1 Qxd3
30.Rxd3 f5 31.g3 f4 32.gxf4 exf4 33.Ng2 g5 34.Rd4 Rc5 35.Ne1 b5 36.Nd3 Rxc4
37.Rdxc4 Nxc4 38.Nb4 Kf7 39.Re1 Re8 40.Rxe8 Kxe8 41.Kg2 Kd7 42.Kf3 Ne5+ 43.Ke4 Ng4
44.f3 Nxh2 45.Nd3 Kd6 46.Ne5 g4 47.Nf7+ Ke7 48.Nxh6 gxf3 49.Nf5+ Kd7 50.Kxf4 f2
51.Ne3 f1=Q+ 52.Nxf1 Nxf1 53.Ke5 Nd2 54.Kd4 Nc4 55.Kc5 Nd6 56.Kb4 Kc8 57.Kc5 Kc7  0-1

[Event "ch-Privolzhsky Region"]
[Site "Ishevsk RUS"]
[Date "2005.03.16"]
[Round "1"]
[White "Askarov,M"]
[Black "Trifonov,P"]
[Result "1-0"]
[WhiteElo "2434"]
[BlackElo "2193"]

1.c4 c6 2.g3 d5 3.Bg2 Nf6 4.Nf3 Bf5 5.d4 Bxb1 6.Rxb1 Qa5+ 7.Bd2 Qxa2 8.Ra1 Qxc4
9.Ra5 e6 10.O-O Bb4 11.b3 Bxd2 12.bxc4 Bxa5 13.Qa4 Bc7 14.Rb1 b6 15.cxd5 exd5
16.Ne5 Bxe5 17.dxe5 Nfd7 18.Qa3 Kd8 19.Qd6 Re8 20.Bxd5 Rxe5 21.Bxf7 Rxe2
22.Be6  1-0

[Event "US Amateur Team East"]
[Site "Parsippany USA"]
[Date "2005.03.19"]
[Round "2"]
[White "Frumkin,E"]
[Black "Zaremba,An"]
[Result "0-1"]
[WhiteElo "2057"]
[BlackElo "2318"]

1.c4 c6 2.Nf3 Nf6 3.g3 d5 4.Bg2 Bf5 5.b3 e6 6.Bb2 Be7 7.O-O h6 8.d3 O-O 9.Nbd2 Bh7
10.Qc2 Nbd7 11.a3 a5 12.Rfc1 Qb6 13.Qd1 Rfd8 14.Bc3 c5 15.a4 d4 16.Bb2 e5
17.Qc2 Re8 18.Rf1 Bd6 19.Ne1 Re7 20.Bc1 Rae8 21.f3 Nh5 22.Ne4 f5 23.Nxd6 Qxd6
24.Ra2 e4 25.f4 Ndf6 26.Qd1 e3 27.Bh3 Ng4 28.Bxg4 fxg4 29.Ng2 g5 30.Ba3 b6
31.Qc2 Rf7 32.Raa1 gxf4 33.Nxf4 Nxf4 34.Rxf4 Rxf4 35.gxf4 Rf8 36.Rf1 Rxf4
37.Qd1 h5 38.Rxf4 Qxf4 39.Qf1 Qxf1+ 40.Kxf1 Bf5 41.Bc1 h4 42.Kg2 Kf7 43.Bb2 Kg6
44.Bc1 Kg5 45.Bb2 Kf4 46.Bc1 g3 47.h3 Bg6 48.Kf1 Bh5  0-1

[Event "Norwegian Open"]
[Site "Oslo NOR"]
[Date "2005.03.22"]
[Round "4"]
[White "Bergvoll,M"]
[Black "Ofstad,P"]
[Result "0-1"]
[WhiteElo "1967"]
[BlackElo "2202"]

1.c4 c6 2.d4 d5 3.Nf3 Nf6 4.Nc3 e6 5.Bg5 h6 6.Bh4 dxc4 7.a4 Bb4 8.e3 b5 9.Be2 Nbd7
10.Qc2 Bb7 11.O-O a6 12.axb5 cxb5 13.Ne5 Qc7 14.Bxf6 gxf6 15.Nxf7 Kxf7 16.Bh5+ Ke7
17.d5 Bxc3 18.dxe6 Rag8 19.f3 Be5 20.exd7 Bxh2+ 21.Kh1 Bd6 22.Bg4 Qc5 23.e4 Rxg4
24.fxg4 Qe5 25.Kg1 Bxe4 26.Qc3 Qh2+  0-1

[Event "Ettinger It"]
[Site "Givataim ISR"]
[Date "2005.03.24"]
[Round "5"]
[White "Lerner,K"]
[Black "Kaplan,S"]
[Result "1/2-1/2"]
[WhiteElo "2523"]
[BlackElo "2346"]

1.c4 c6 2.e4 d5 3.exd5 cxd5 4.d4 Nf6 5.Nc3 e6 6.Nf3 Bb4 7.Bd3 dxc4 8.Bxc4 Nc6
9.O-O O-O 10.Bg5 Be7 11.Re1 b6 12.a3 Bb7 13.Qd3 Rc8 14.Rad1 Nd5 15.Bxd5 Bxg5
16.Be4 h6 17.d5 exd5 18.Bxd5 Bf4 19.Qf5 Qf6 20.Qxf6 gxf6 21.g3 Bb8 22.Nh4 Be5
23.Nf5 Kh7 24.Be4 Kh8 25.Nb5 Na5 26.Bxb7 Nxb7 27.Rd7 Nc5 28.Rxa7 Nd3 29.Re2 Rc1+
30.Kg2 Rg8 31.Nxh6 Nf4+ 32.Kf3 Nxe2 33.Nxf7+ Kg7 34.Nxe5+ Kh6 35.Ng4+ Kg6
36.Kxe2 Rc2+ 37.Kf3 Rxb2 38.Nd6 Rd8 39.Nc4 Rb3+ 40.Nce3 f5 41.Ne5+ Kf6 42.Nc6 Rd2
43.g4 f4 44.h4 fxe3 45.fxe3 Rdd3 46.Kf4 Rxa3 47.Rb7 Rxe3 48.g5+ Kg6 49.Ne5+ Rxe5
50.Kxe5 Ra5+ 51.Kf4 Ra4+ 52.Kg3 Ra3+ 53.Kg2 Rb3 54.Kf2 Rb2+ 55.Kf3 Rb3+ 56.Ke2 Rb4  1/2-1/2

[Event "XXXXII Open"]
[Site "La Roda ESP"]
[Date "2005.03.25"]
[Round "4"]
[White "Mirzoev,A"]
[Black "Kononenko,T"]
[Result "1/2-1/2"]
[WhiteElo "2529"]
[BlackElo "2374"]

1.c4 c6 2.e4 d5 3.exd5 cxd5 4.cxd5 Nf6 5.Bb5+ Nbd7 6.Nc3 g6 7.Nge2 a6 8.Bxd7+ Qxd7
9.Qb3 Bg7 10.O-O O-O 11.Nf4 b5 12.d3 Bb7 13.a4 g5 14.Nfe2 h6 15.axb5 axb5
16.Rxa8 Rxa8 17.Qxb5 Qxb5 18.Nxb5 Nxd5 19.Nec3 Nxc3 20.bxc3 Bc6 21.c4 Bxb5
22.cxb5 Ra5 23.b6 Bd4 24.Be3 Bxe3 25.fxe3 Rb5 26.h4 Rxb6 27.hxg5 hxg5 28.Rf5  1/2-1/2

[Event "Arcimpex Cup"]
[Site "Frydek Mistek CZE"]
[Date "2005.03.26"]
[Round "5"]
[White "Rogule,L"]
[Black "Ginzburg,Mi"]
[Result "0-1"]
[WhiteElo "2281"]
[BlackElo "2326"]

1.c4 c6 2.Nc3 d5 3.d4 Nf6 4.Nf3 a6 5.cxd5 cxd5 6.Bf4 Nc6 7.e3 Bg4 8.Bd3 e6
9.Qb3 Bxf3 10.gxf3 Qd7 11.Na4 Na5 12.Qd1 Qd8 13.O-O b5 14.Rc1 Bd6 15.Bxd6 Qxd6
16.Nc5 O-O 17.f4 g6 18.b3 Rfc8 19.Qd2 Qb6 20.Rc2 Nb7 21.Rfc1 Nd6 22.a4 Kh8
23.Qe2 Qa5 24.f3 Kg8 25.Ra2 Qb6 26.Rca1 Rab8 27.axb5 axb5 28.Ra7 Qd8 29.R1a6 b4
30.Ra4 Rb6 31.Qe1 Rcb8 32.Na6 Nc8 33.Nxb8 Nxa7 34.Na6 Nc6 35.Qh4 Kg7 36.Nc5 h5
37.Qg5 Ng8 38.Qg3 Nge7 39.Qg5 Rb8 40.Ba6 Ra8 41.Kf2 Rb8 42.Bd3 Ra8 43.Ba6 Ra7
44.Qg1 Ra8 45.Qg5 Ra7 46.Bb5 Rxa4 47.Bxa4 Qd6 48.Nd3 Nf5 49.Ne5 Nxe5 50.fxe5 Qc7
51.Bb5 Qc2+ 52.Be2  0-1

[Event "ch-EU"]
[Site "Cork IRL"]
[Date "2005.03.27"]
[Round "6"]
[White "Grant,J"]
[Black "Ledger,A"]
[Result "0-1"]
[WhiteElo "2259"]
[BlackElo "2450"]

1.c4 c6 2.Nc3 d5 3.d4 dxc4 4.e4 b5 5.a4 b4 6.Nb1 Ba6 7.Nf3 Nf6 8.e5 Nd5 9.e6 f6
10.Be2 Bc8 11.Bxc4 Bxe6 12.Qb3 a5 13.O-O Bf7 14.Nbd2 g6 15.Ne4 Bg7 16.Re1 O-O
17.h4 Nd7 18.Qd3 h6 19.Bd2 f5 20.Ng3 e6 21.Rac1 Rc8 22.Bxd5 cxd5 23.Rxc8 Qxc8
24.Qb5 Qd8 25.Rc1 e5 26.dxe5 Nxe5 27.Nxe5 Bxe5 28.h5 f4 29.hxg6 Bxg6 30.Ne2 Kg7
31.Rc5 Qg5 32.Rxd5 Be4 33.Rd7+ Kh8 34.Ng3 Ba8 35.Ra7 Bd4 36.Rh7+ Kxh7 37.Qd3+ Qg6
38.Qxd4 fxg3 39.fxg3 Qe4  0-1